[Event "GER-chT U14"]
[Site "Kelheim"]
[Date "2022.12.30"]
[Round "7"]
[White "Dietrich, Fabian"]
[Black "Steinberger, Michael"]
[Result "0-1"]
[WhiteElo "1525"]
[BlackElo "1610"]
[PlyCount "106"]
[EventDate "2022.12.26"]
[EventType "team-swiss"]
[EventRounds "7"]
[EventCountry "GER"]
[SourceTitle "CBM 212 Extra"]
[Source "ChessBase"]
[SourceDate "2023.03.31"]
[SourceVersion "1"]
[SourceVersionDate "2023.03.31"]
[SourceQuality "1"]
[WhiteTeam "Marburg"]
[BlackTeam "Augsburg SF"]
[WhiteTeamCountry "GER"]
[BlackTeamCountry "GER"]

1. e4 c5 2. Nf3 e6 3. d4 cxd4 4. Nxd4 Nf6 5. Nc3 Nc6 6. Be3 Bb4 7. Nxc6 bxc6 8. e5 Nd5 9. Qg4 Nxe3 10. fxe3 Qa5 11. Kd2 Bxc3+ 12. bxc3 Qxe5 13. Bd3 h6 14. Rhf1 Qg5 15. Qf3 Rf8 16. Rab1 d5 17. c4 h5 18. Rb2 Qg4 19. Rfb1 Qxf3 20. gxf3 Kd8 21. Kc3 Kc7 22. f4 g6 23. c5 Re8 24. Kd4 Kd7 25. Rd1 Ke7 26. Ke5 f6+ 27. Kd4 Kf7 28. Rf1 Kg7 29. Rg1 e5+ 30. fxe5 fxe5+ 31. Kc3 e4 32. Be2 Kh6 33. Rf1 Kg7 34. Rg1 Re5 35. Kd4 Rf5 36. Rg2 Kh7 37. Rb1 Rf7 38. c4 dxc4 39. Bxc4 Re7 40. Rf1 Bh3 41. Rgf2 Bxf1 42. Rxf1 Rd8+ 43. Kc3 Kg7 44. Kb3 Rd2 45. h4 Rh2 46. Ka4 Rxh4 47. Ka5 Rh3 48. Re1 Rf3 49. a4 h4 50. Ka6 h3 51. Rh1 Rxe3 52. Rh2 Ra3 53. a5 e3 0-1

[Event "GER-chT U14"]
[Site "Kelheim"]
[Date "2022.12.28"]
[Round "4"]
[White "Steinberger, Michael"]
[Black "Kuhlmann, Nils Magnus"]
[Result "1-0"]
[WhiteElo "1610"]
[BlackElo "1560"]
[PlyCount "108"]
[EventDate "2022.12.26"]
[EventType "team-swiss"]
[EventRounds "7"]
[EventCountry "GER"]
[SourceTitle "CBM 212 Extra"]
[Source "ChessBase"]
[SourceDate "2023.03.31"]
[SourceVersion "1"]
[SourceVersionDate "2023.03.31"]
[SourceQuality "1"]
[WhiteTeam "Augsburg SF"]
[BlackTeam "Stassfurt Einheit"]
[WhiteTeamCountry "GER"]
[BlackTeamCountry "GER"]

1. e4 c6 2. Nf3 d5 3. d3 dxe4 4. dxe4 Qxd1+ 5. Kxd1 Bg4 6. Be2 e6 7. Ne1 Bxe2+ 8. Kxe2 Nd7 9. Be3 0-0-0 10. Nd3 b6 11. c4 Be7 12. Nd2 Bf6 13. Rab1 Ne5 14. Nxe5 Bxe5 15. b4 Nf6 16. f3 Nh5 17. Nb3 Rd7 18. a4 Rhd8 19. c5 Bf4 20. cxb6 Bxe3 21. Kxe3 axb6 22. Rhc1 Kb7 23. Rc3 e5 24. g3 g6 25. Rbc1 Rd6 26. a5 Ng7 27. axb6 Kxb6 28. Na5 Re6 29. Rxc6+ Rxc6 30. Rxc6+ Kb5 31. Rc7 Rf8 32. Rc5+ Kxb4 33. Rxe5 Rc8 34. Nb7 Rc3+ 35. Kf2 Rc2+ 36. Kg1 Ne6 37. Rd5 h6 38. Nd6 Ng5 39. Rxg5 hxg5 40. Nxf7 Rc1+ 41. Kg2 Rc2+ 42. Kh3 g4+ 43. Kxg4 Rxh2 44. Ne5 Rh6 45. Kg5 Rh5+ 46. Kf4 Rh6 47. g4 Kc5 48. Kg5 Rh3 49. Kxg6 Kd6 50. Nf7+ Ke7 51. f4 Re3 52. e5 Re4 53. Kf5 Rxf4+ 54. Kxf4 Kxf7 1-0

[Event "GER-chT U14"]
[Site "Kelheim"]
[Date "2022.12.27"]
[Round "1"]
[White "Reimann, Marcus"]
[Black "Steinberger, Michael"]
[Result "1-0"]
[WhiteElo "1326"]
[BlackElo "1610"]
[PlyCount "107"]
[EventDate "2022.12.26"]
[EventType "team-swiss"]
[EventRounds "7"]
[EventCountry "GER"]
[SourceTitle "CBM 212 Extra"]
[Source "ChessBase"]
[SourceDate "2023.03.31"]
[SourceVersion "1"]
[SourceVersionDate "2023.03.31"]
[SourceQuality "1"]
[WhiteTeam "Kelheim"]
[BlackTeam "Augsburg SF"]
[WhiteTeamCountry "GER"]
[BlackTeamCountry "GER"]

1. c4 e5 2. e4 d6 3. g3 Nc6 4. Nc3 Be6 5. b3 f5 6. d3 Nf6 7. Bg2 Qd7 8. f3 0-0-0 9. Be3 h6 10. Rb1 g5 11. b4 f4 12. Bf2 fxg3 13. hxg3 b6 14. Qa4 Kb7 15. Nge2 Ra8 16. d4 Nxd4 17. Nxd4 Qxa4 18. Nxa4 exd4 19. Bxd4 Bg7 20. e5 dxe5 21. Bxe5 Bxc4 22. Rc1 b5 23. Nc5+ Kb6 24. Bxf6 Bxf6 25. Nd7+ Ka6 26. Nxf6 Raf8 27. Ng4 Re8+ 28. Kf2 Re2+ 29. Kg1 h5 30. Nf6 h4 31. Ng4 Rh7 32. gxh4 gxh4 33. Bf1 Rxa2 34. Bxc4 bxc4 35. Rxc4 Rd7 36. Rc1 Kb5 37. Rxh4 Rdd2 38. Rh2 Rxh2 39. Nxh2 Kxb4 40. Rxc7 a5 41. f4 Re2 42. f5 a4 43. f6 Re8 44. f7 Rf8 45. Nf3 a3 46. Ra7 Kb3 47. Nd2+ Kb4 48. Rb7+ Ka4 49. Nb1 a2 50. Nc3+ Ka3 51. Nxa2 Kxa2 52. Kf2 Rh8 53. Kg3 Ka3 54. Kg4 1-0